LaDeeDahDahDay-ALLLYRICS(tgwdlm) - Statistics

General Stats
  • This quiz has been taken 10 times
  • The average score is 287 of 359
Answer Stats
Answer % Correct
a
100%
All
100%
all
100%
and
100%
And
100%
dah
100%
Dah
100%
day
100%
day!
100%
Day!
100%
Day
100%
dee
100%
do!
100%
Do
100%
do
100%
I
100%
is
100%
it
100%
it!
100%
Just
100%
just
100%
la
100%
La
100%
No
100%
of
100%
On
100%
on
100%
sing
100%
So
100%
that?
100%
that
100%
That's
100%
that's
100%
the
100%
The
100%
to
100%
way
100%
We
100%
world
100%
you
100%
bet
83%
Dance
83%
duet
83%
feeling
83%
gold
83%
got
83%
home
83%
I'll
83%
In
83%
in
83%
make
83%
me
83%
mountain
83%
my
83%
My
83%
or
83%
Or
83%
paved
83%
roof
83%
shout
83%
smile
83%
Sometimes
83%
style
83%
top
83%
tops
83%
two
83%
typical
83%
wanna
83%
want
83%
was
83%
what
83%
will
83%
Yeah
83%
yeah
83%
Yeah!
83%
Yesterday
83%
yesterday
83%
away
67%
Away
67%
beautiful
67%
But
67%
but
67%
can
67%
'Cause
67%
change
67%
coo;
67%
could
67%
dead
67%
Doing
67%
for
67%
fuck
67%
have
67%
homeless?
67%
may
67%
myself
67%
new
67%
not
67%
okay
67%
Okay
67%
perspective
67%
planet?
67%
planet
67%
reason
67%
retroactive
67%
rhyme
67%
save
67%
skin
67%
spare
67%
this
67%
This
67%
too!
67%
too
67%
along!
50%
anything
50%
are
50%
by
50%
course
50%
dogs
50%
don't
50%
down
50%
food
50%
Hey
50%
house
50%
like
50%
look
50%
man
50%
oh,
50%
Oh,
50%
old
50%
one
50%
road
50%
singing
50%
song
50%
sorry,
50%
streets
50%
strut
50%
there's
50%
throw
50%
trash
50%
up
50%
well
50%
worries
50%
alot
33%
blouse!
33%
changed
33%
concrete
33%
Dancing
33%
drugs
33%
face
33%
feels
33%
feet
33%
going
33%
here
33%
here?
33%
high
33%
hot
33%
hurt
33%
I'm
33%
jam's
33%
kill
33%
man's
33%
now
33%
pain
33%
politics
33%
prefer
33%
roam
33%
snacking
33%
take
33%
takes
33%
them
33%
toOn
33%
used
33%
views
33%
While
33%
zombie
33%
bath
17%
concerned
17%
confused
17%
salt
17%
very
17%
waht
17%
what's
17%
dag
0%
Uh
0%
No matching quizzes found
Score Distribution
Percent of People with Each Score
Percentile by Number Answered
Your Score History
You have not taken this quiz